header

FLIRT (Record no. 252442)

MARC details
000 -LEADER
fixed length control field 00413nam a22001697a 4500
003 - CONTROL NUMBER IDENTIFIER
control field OSt
005 - DATE AND TIME OF LATEST TRANSACTION
control field 20160218111646.0
008 - FIXED-LENGTH DATA ELEMENTS--GENERAL INFORMATION
fixed length control field 160218b xxu||||| |||| 00| 0 eng d
020 ## - INTERNATIONAL STANDARD BOOK NUMBER
International Standard Book Number 9780425235676
040 ## - CATALOGING SOURCE
Transcribing agency RONGO UNIVERSITY
050 ## - LIBRARY OF CONGRESS CALL NUMBER
Classification number PS3558 .A44F55 2010
100 ## - MAIN ENTRY--PERSONAL NAME
Personal name HAMILTON LAURELL K
245 ## - TITLE STATEMENT
Title FLIRT
260 ## - PUBLICATION, DISTRIBUTION, ETC. (IMPRINT)
Place of publication, distribution, etc NEW YORK
Name of publisher, distributor, etc BERKLEY BOOKS
Date of publication, distribution, etc 2010
300 ## - PHYSICAL DESCRIPTION
Extent 171p
Other physical details ill
Dimensions 24cm
942 ## - ADDED ENTRY ELEMENTS (KOHA)
Source of classification or shelving scheme Library of Congress Classification
Koha item type Long Loan Books

No items available.

© 2026 Rongo University
Contact us: librarian | system librarian | Rongo university